[Event "Challenge"]
[Site "http://www.queenalice.com/game.php?id=145223"]
[Date "2006.12.23"]
[Round "-"]
[White "rxk"]
[Black "helbertjulio"]
[Result "1-0"]
[WhiteElo "1679"]
[BlackElo "1699"]

1. d4 d5 2. c4 e6 3. Nf3 c6 4. Nc3 Nf6 5. e3 Bb4 6. cxd5 cxd5 7. a3 Ba5 8. Bb5+
Nc6 9. Ne5 Bd7 10. b4 Bc7 11. Qf3 a6 12. Bxc6 bxc6 13. g4 O-O 14. h4 a5 15. g5
Ne4 16. Nxe4 dxe4 17. Qxe4 axb4 18. Nxc6 Bxc6 19. Qxc6 bxa3 20. Rxa3 Rxa3 21.
Bxa3 Ba5+ 22. Ke2 Re8 23. f4 Qb8 24. Rc1 f6 25. gxf6 gxf6 26. Rg1+ Kh8 27. Qd7
Rg8 28. Rxg8+ Qxg8 29. Qe7 Qg2+ 30. Kd3 Qd2+ 31. Ke4 f5+ 32. Ke5 Qxe3+ 33. Kf6
Qxd4+ 34. Kxe6 Qe4+ 35. Kf7 Qc4+ 36. Kf6 Qd4+ 37. Kxf5 Qd3+ 38. Ke6 Qe3+ 39. Kd7
Qxe7+ 40. Kxe7 Kg7 41. Bb2+ Kg6 42. Ke6 Bd8 43. f5+ Kh5 44. Bf6 Ba5 45. Kf7 h6
46. Be7 Kg4 47. f6 Kxh4 48. Kg8 1-0

[Event "AEAP"]
[Site "http://www.queenalice.com/game.php?id=159199"]
[Date "2007.1.26"]
[Round "1"]
[White "helbertjulio"]
[Black "BigAlex"]
[Result "0-1"]
[WhiteElo "1708"]
[BlackElo "1878"]

1. e4 e5 2. Nf3 Nc6 3. d4 exd4 4. Nxd4 Bc5 5. Nxc6 bxc6 6. Nc3 Nf6 7. Bg5 O-O 8.
e5 Re8 9. f4 h6 10. Bh4 d6 11. Bc4 dxe5 12. Qxd8 Rxd8 13. Bxf6 gxf6 14. fxe5
fxe5 15. Bd3 f6 16. O-O-O Be6 17. Ne4 Be3+ 18. Kb1 Kf7 19. Rde1 Bb6 20. Rhf1 f5
21. Ng3 f4 22. Rxe5 Rd6 23. Rxf4+ Kg7 24. Nh5+ Kh8 25. Rf6 Bg4 26. Re7 Bxh5 27.
Rh7+ Kg8 28. Rhxh6 Re8 29. a3 Re1+ 30. Ka2 Bf7+ 31. b3 Bd4 32. Rxd6 Ra1# 0-1

[Event "Game Two - helbert1-0"]
[Site "http://www.queenalice.com/game.php?id=174866"]
[Date "2007.2.27"]
[Round "-"]
[White "MarcosT"]
[Black "helbertjulio"]
[Result "1-0"]
[WhiteElo "1825"]
[BlackElo "1690"]

1. b3 d5 2. Bb2 Nc6 3. Nf3 Bg4 4. h3 Bxf3 5. exf3 e5 6. Be2 Nf6 7. O-O Bd6 8.
Bb5 Qd7 9. a3 a6 10. Bxc6 Qxc6 11. d4 e4 12. Re1 O-O 13. Nd2 exf3 14. Nxf3 Ne4
15. Ne5 Qe8 16. c4 c6 17. c5 Bc7 18. f3 Bxe5 19. fxe4 Bg3 20. Re3 Bf4 21. Re2
dxe4 22. Qc2 e3 23. Rf1 Bc7 24. Rf3 b6 25. Rfxe3 Qd7 26. Qe4 bxc5 27. dxc5 Rab8
28. b4 a5 29. Rd3 Qc8 30. Qd4 f6 31. Qc4+ Kh8 32. Re4 axb4 33. axb4 Qf5 34. Rf3
Qg5 35. Bc1 Qh5 36. Rh4 Qe5 37. Bf4 Qe1+ 38. Qf1 Qxh4 39. Bxc7 Rbe8 40. Bg3 Qxb4
41. Bf2 Re5 42. Bg3 Qxc5+ 43. Kh1 Rg5 44. Kh2 Re8 45. Bh4 Rh5 46. Bg3 Re3 47.
Bf2 Qe5+ 48. Bg3 Rxf3 49. Qxf3 Qd5 50. Qa3 Qg8 51. Qc3 c5 52. Bd6 h6 53. Be7 Qe6
54. Bxc5 Qe5+ 55. Qxe5 Rxe5 56. Bd6 Rd5 57. Bb8 g5 58. Kg3 f5 59. Kh2 Kg7 60.
Ba7 g4 61. Kg3 gxh3 62. Kxh3 Kg6 63. Kh4 Rd2 64. Kg3 Kh5 65. Kf3 f4 66. Bb8 Kg5
67. Bxf4+ Kf5 68. g4+ Kg6 69. Bxd2 h5 70. g5 Kf5 71. Kg3 Kg6 72. Kh4 1-0

[Event "AUTO-OPEN-400"]
[Site "http://www.queenalice.com/game.php?id=186125"]
[Date "2007.3.22"]
[Round "2"]
[White "helbertjulio"]
[Black "vgovidal"]
[Result "0-1"]
[WhiteElo "1670"]
[BlackElo "1980"]

1. e4 e5 2. Nf3 Nc6 3. d4 exd4 4. Nxd4 Bc5 5. Nxc6 bxc6 6. Bd3 Qf6 7. O-O Ne7 8.
Nc3 d5 9. Be3 d4 10. Na4 dxe3 11. Nxc5 exf2+ 12. Rxf2 Qxb2 13. c4 Qd4 0-1

[Event "AUTO-OPEN-400"]
[Site "http://www.queenalice.com/game.php?id=186126"]
[Date "2007.3.22"]
[Round "2"]
[White "vgovidal"]
[Black "helbertjulio"]
[Result "1-0"]
[WhiteElo "1984"]
[BlackElo "1666"]

1. e4 e5 2. Nf3 Nc6 3. Nc3 Nf6 4. d4 exd4 5. Nxd4 Nxd4 6. Qxd4 c5 7. Qa4 Be7 8.
Bb5 O-O 9. O-O Qc7 10. Bg5 a6 11. Bc4 b5 12. Bxb5 d5 13. Bxf6 Bxf6 14. Nxd5 1-0

[Event "AUTO-INT-198"]
[Site "http://www.queenalice.com/game.php?id=226807"]
[Date "2007.6.17"]
[Round "2"]
[White "aarongale"]
[Black "helbertjulio"]
[Result "1-0"]
[WhiteElo "1707"]
[BlackElo "1650"]

1. e4 e5 2. Nf3 Nc6 3. d4 exd4 4. Nxd4 Nxd4 5. Qxd4 Nf6 6. Nc3 c5 7. Qc4 Be7 8.
Bf4 d6 9. Bd3 O-O 10. O-O Be6 11. Nd5 Bxd5 12. exd5 a6 13. a4 Qb6 14. b3 Nh5 15.
Be3 Qd8 16. Be2 Nf6 17. Qd3 Qd7 18. c4 1-0

[Event "AUTO-INT-198"]
[Site "http://www.queenalice.com/game.php?id=226808"]
[Date "2007.6.17"]
[Round "2"]
[White "helbertjulio"]
[Black "aarongale"]
[Result "0-1"]
[WhiteElo "1665"]
[BlackElo "1692"]

1. e4 g6 2. d4 Bg7 3. Nf3 c5 4. d5 d6 5. Bc4 Nf6 6. Nc3 Nbd7 7. Bg5 Ng4 8. h3
Nge5 9. Nxe5 Nxe5 10. Be2 Qb6 11. Qc1 h6 12. Bf4 g5 13. Bxe5 Bxe5 14. Bb5+ Bd7
15. Bxd7+ Kxd7 16. Qd2 Qxb2 17. O-O Bxc3 0-1

[Event "AUTO-INT-198"]
[Site "http://www.queenalice.com/game.php?id=226811"]
[Date "2007.6.17"]
[Round "2"]
[White "SPFC"]
[Black "helbertjulio"]
[Result "1-0"]
[WhiteElo "1792"]
[BlackElo "1676"]

1. e4 e5 2. Nf3 Nc6 3. Bb5 d6 4. Bxc6+ bxc6 5. d4 exd4 6. Nxd4 c5 7. Nf3 Nf6 8.
Nc3 Ba6 9. Ne2 Nxe4 10. O-O Be7 11. Re1 O-O 12. Bf4 Bh4 13. Nxh4 Qxh4 14. Ng3
Nf6 15. Be3 Ng4 16. h3 Ne5 17. Nf5 1-0

[Event "AUTO-INT-198"]
[Site "http://www.queenalice.com/game.php?id=226812"]
[Date "2007.6.17"]
[Round "2"]
[White "helbertjulio"]
[Black "SPFC"]
[Result "0-1"]
[WhiteElo "1688"]
[BlackElo "1780"]

1. e4 e5 2. Nf3 Nc6 3. Bb5 d6 4. d4 a6 5. Ba4 b5 6. Bb3 h6 7. dxe5 Bg4 8. exd6
Qxd6 9. Qxd6 Bxd6 10. Nfd2 Nd4 11. O-O Nxb3 12. Nxb3 Ne7 13. Nc3 O-O 14. Nd4
Rad8 15. f3 Bh5 16. f4 Bc5 0-1

[Event "AUTO-INT-691"]
[Site "http://www.queenalice.com/game.php?id=307383"]
[Date "2007.11.20"]
[Round "1"]
[White "lezeu63"]
[Black "helbertjulio"]
[Result "0-1"]
[WhiteElo "1701"]
[BlackElo "1617"]

1. e4 e5 2. Nf3 Nc6 3. Bb5 d6 4. d4 exd4 5. Nxd4 Bd7 6. Nc3 Nf6 7. O-O Be7 8.
Bf4 O-O 9. Re1 Nxd4 10. Qxd4 Bxb5 11. Nxb5 a6 12. e5 c5 13. Qe3 Nd5 14. Qe4 Nxf4
15. Qxf4 axb5 16. Rad1 Bg5 17. Qe4 Qe7 18. Rxd6 Rad8 19. Rb6 b4 20. Rxb7 Qe6 21.
f4 Rd4 22. Qf3 Rxf4 23. Qg3 Bh4 24. Qxf4 Bxe1 25. Qe3 Qc6 26. Re7 Bh4 27. Ra7 c4
28. Qd4 Rd8 29. Qxh4 Qb6+ 30. Qf2 Rd1# 0-1

[Event "AUTO-INT-691"]
[Site "http://www.queenalice.com/game.php?id=307384"]
[Date "2007.11.20"]
[Round "1"]
[White "helbertjulio"]
[Black "lezeu63"]
[Result "0-1"]
[WhiteElo "1640"]
[BlackElo "1642"]

1. e4 e5 2. Nf3 Nc6 3. d4 d6 4. dxe5 dxe5 5. Qxd8+ Kxd8 6. Bb5 Nf6 7. Nc3 Bg4 8.
Bxc6 bxc6 9. Nxe5 Ke8 10. Bg5 Rb8 11. Bxf6 gxf6 12. Nxg4 Bg7 13. O-O Rxb2 14.
Rab1 Rxc2 15. Rb8+ Ke7 16. Rxh8 Bxh8 17. Na4 Rxa2 18. Nc5 a5 19. Ne3 Kd6 20.
Nb7+ Ke6 21. Nd8+ Kd7 22. Nxf7 Bg7 23. e5 fxe5 24. Nc4 e4 25. Nfe5+ Bxe5 26.
Nxe5+ Kd6 27. Nc4+ Kc5 28. Rc1 Kb4 29. g4 h6 30. h4 a4 31. g5 hxg5 32. hxg5 Kb3
33. g6 Rc2 34. Rxc2 Kxc2 35. g7 Kc3 36. g8=Q Kb4 37. Ne5 a3 0-1

[Event "AUTO-INT-691"]
[Site "http://www.queenalice.com/game.php?id=307401"]
[Date "2007.11.20"]
[Round "1"]
[White "helbertjulio"]
[Black "russanow1"]
[Result "1-0"]
[WhiteElo "1603"]
[BlackElo "1544"]

1. e4 e5 2. Nf3 Nc6 3. d4 d6 4. dxe5 dxe5 5. Qxd8+ Kxd8 6. Bb5 Bd7 7. Bxc6 Bxc6
8. Nxe5 Ke8 9. Nxc6 bxc6 10. O-O Nh6 11. Bxh6 gxh6 12. c3 Rb8 13. b4 Bg7 14. f4
Rd8 15. e5 f6 16. Na3 fxe5 17. fxe5 Bxe5 18. Rae1 Rd5 19. Nc4 Rb5 20. Nxe5 Rb6
21. Nf7+ Kf8 22. Nxh8+ Kg8 23. Re8+ 1-0

[Event "AUTO-INT-691"]
[Site "http://www.queenalice.com/game.php?id=307402"]
[Date "2007.11.20"]
[Round "1"]
[White "russanow1"]
[Black "helbertjulio"]
[Result "1-0"]
[WhiteElo "1524"]
[BlackElo "1623"]

1. e4 e5 2. d4 exd4 3. Qxd4 Nc6 4. Qe3 Nf6 5. e5 Nd5 6. Qe4 Nde7 7. Nf3 d6 8.
Nc3 Bf5 9. Qe2 dxe5 10. Nxe5 Nd4 11. Qh5 Nxc2+ 12. Ke2 Bg6 13. Nxg6 Nxg6 14. Bg5
Nd4+ 15. Ke1 Qd5 16. Nxd5 1-0

[Event "AUTO-INT-691"]
[Site "http://www.queenalice.com/game.php?id=307403"]
[Date "2007.11.20"]
[Round "1"]
[White "helbertjulio"]
[Black "Elcid"]
[Result "0-1"]
[WhiteElo "1612"]
[BlackElo "1733"]

1. d4 e6 2. e4 d5 3. e5 c5 4. Nf3 Nc6 5. Bb5 cxd4 6. Nxd4 Bd7 7. Bxc6 Bxc6 8.
Nc3 Bb4 9. O-O Bxc3 10. bxc3 Rc8 11. f4 Qb6 12. Kh1 Ne7 13. Ba3 g6 14. Bxe7 Kxe7
15. Qg4 Qd8 16. a4 Qa5 17. Qg5+ Ke8 18. Qf6 Rf8 19. c4 Bxa4 20. Nb5 Kd7 21. Nd6
Rxc4 0-1

[Event "AUTO-INT-691"]
[Site "http://www.queenalice.com/game.php?id=307404"]
[Date "2007.11.20"]
[Round "1"]
[White "Elcid"]
[Black "helbertjulio"]
[Result "1-0"]
[WhiteElo "1721"]
[BlackElo "1624"]

1. d4 d5 2. c4 c6 3. Nc3 Nf6 4. Bg5 e6 5. Nf3 Be7 6. e3 h6 7. Bh4 b5 8. cxb5 O-O
9. Bd3 cxb5 10. O-O a6 11. Re1 Nc6 12. Qc2 Nb4 13. Qd2 Nxd3 14. Qxd3 Qd6 15.
Rac1 Bb7 16. Bg3 Qd7 17. Ne5 Qd8 18. a3 Bd6 19. Ne2 Ne4 20. Rc2 Bxe5 21. Bxe5 f6
22. Bc7 1-0